00463nam a22001097a 4500008004100000040005500041080001900096245013600115260006800251300001000319653002400329230405b |||||||| |||| 00| 0 eng d aNational Science LibrarycNational Science Library a061.6 NBRIbP4 aNational botanical research institute: byears of NBRI in the services of nationc/ Premier National Plant Research Center of India aIndia: b Premier National Plant Research Center of Indiac2004 a18p.  aNational Botanical